Контраст (Запись № 13684918)

Подробности
000 -МАРКЕР
контрольное поле 02820nam0a2200409 4500
001 - ИДЕНТИФИКАТОР ЗАПИСИ
контрольное поле RU\NLR\BIBL_A\022633932
005 - ИДЕНТИФИКАТОР ВЕРСИИ
контрольное поле 20260420054200.0
010 ## - МЕЖДУНАРОДНЫЙ СТАНДАРТНЫЙ НОМЕР КНИГИ (ISBN)
Номер (ISBN) 978-5-98424-304-9
Тираж 400
021 ## - НОМЕР ГОСУДАРСТВЕННОЙ РЕГИСТРАЦИИ
Код страны Российская Федерация
Номер АЛ-П-25-00737и
Номер Листа государственной регистраци АЛ-П-25-0152
035 ## - ДРУГИЕ СИСТЕМНЫЕ НОМЕРА
Идентификатор записи (NLR Aleph) 022633932
100 ## - ДАННЫЕ ОБЩЕЙ ОБРАБОТКИ
Данные общей обработки 20251001d2023 u y0rusy50 ca
101 0# - ЯЗЫК РЕСУРСА
Язык текста, звукозаписи и т.д. русский
102 ## - СТРАНА ПУБЛИКАЦИИ ИЛИ ПРОИЗВОДСТВА
Страна публикации Российская Федерация
105 ## - ПОЛЕ КОДИРОВАННЫХ ДАННЫХ: ТЕКСТОВЫЕ МАТЕРИАЛЫ, МОНОГРАФИЧЕСКИЕ
Кодированные данные о монографическом текстовом документе ach z 000yy
181 #0 - ПОЛЕ КОДИРОВАННЫХ ДАННЫХ: ВИД СОДЕРЖАНИЯ
Код вида содержания (ISBD) b3
Код характеристики содержания (ISBD) xb2e
181 #0 - ПОЛЕ КОДИРОВАННЫХ ДАННЫХ: ВИД СОДЕРЖАНИЯ
Код вида содержания (ISBD) i2
Код характеристики содержания (ISBD) axxe
182 #0 - ПОЛЕ КОДИРОВАННЫХ ДАННЫХ: ТИП СРЕДСТВА
Код типа средства (ISBD) n - непосредственное
200 1# - ЗАГЛАВИЕ И СВЕДЕНИЯ ОБ ОТВЕТСТВЕННОСТИ
Основное заглавие Контраст
Сведения, относящиеся к заглавию графика волгоградских художников в собрании Волгоградского музея изобразительных искусств им. И. И. Машкова
-- [в рамках культурно-просветительского проекта "Контраст: графика Волгограда"
Первые сведения об ответственности Ольга Петровна Малкова, кандидат искусствоведения, Анна Викторовна Филимонова, доцент, кандидат педагогических наук, профессор, Любовь Аркадьевна Яхонтова, искусствовед
Последующие сведения об ответственности ответственный редактор и составитель: О. П. Малкова
Первые сведения об ответственности Волгоградский музей изобразительных искусств им. И. И. Машкова, Фонд "Новый музей"]
203 ## - ВИД СОДЕРЖАНИЯ И ТИП СРЕДСТВА
Вид содержания Изображение
-- Текст
Дополнительные сведения об издании визуальные
Тип средства непосредственные
210 ## - ПУБЛИКАЦИЯ, РАСПРОСТРАНЕНИЕ И ДР.
Место издания, распространения и т.д. Волгоград
Имя издателя, распространителя и т. д. ПринТерра-Дизайн
Дата издания, распространения и т.д. 2023
215 ## - ФИЗИЧЕСКАЯ ХАРАКТЕРИСТИКА
Специфическое обозначение материала и объем 207 с.
Другие сведения о физической характеристике ил., цв. ил., портр., факс.
Размеры 29
300 ## - ОБЩИЕ ПРИМЕЧАНИЯ
Текст примечания Авт. указаны над вып. дан.
320 ## - ПРИМЕЧАНИЯ О НАЛИЧИИ В ДОКУМЕНТЕ БИБЛИОГРАФИИ / УКАЗАТЕЛЯ
Текст примечания Библиогр. в подстроч. примеч.
601 02 - НАИМЕНОВАНИЕ ОРГАНИЗАЦИИ КАК ПРЕДМЕТ
Начальный элемент ввода Волгоградский музей изобразительных искусств им. И.И. Машкова
Тематический подзаголовок Коллекция графики
Системный номер авторитетной/нормативной записи 2685206
Идентификатор авторитетной/нормативной записи RU\NLR\AUTH\6601762329
606 1# - НАИМЕНОВАНИЕ ТЕМЫ КАК ПРЕДМЕТ
Наименование темы Графика русская
Географический подзаголовок Волгоград, город
Хронологический подзаголовок 20 - 21 вв.
Системный номер авторитетной/нормативной записи 2685207
Идентификатор авторитетной/нормативной записи RU\NLR\AUTH\6601762330
686 1# - ИНДЕКСЫ ДРУГИХ КЛАССИФИКАЦИЙ
Индекс Щ153(2Р=Рус)7-692Волгоград, город л61
686 1# - ИНДЕКСЫ ДРУГИХ КЛАССИФИКАЦИЙ
Индекс Щ101.3(2Р)-2Волгоград2Музей изобразительных искусств л61
700 #1 - ИМЯ ЛИЦА - ПЕРВИЧНАЯ ОТВЕТСТВЕННОСТЬ
Начальный элемент ввода Малкова
Часть имени, кроме начального элемента ввода О. П.
Расширение инициалов личного имени Ольга Петровна
701 #1 - ИМЯ ЛИЦА - АЛЬТЕРНАТИВНАЯ ОТВЕТСТВЕННОСТЬ
Начальный элемент ввода Филимонова
Часть имени, кроме начального элемента ввода А. В.
Расширение инициалов личного имени Анна Викторовна
701 #1 - ИМЯ ЛИЦА - АЛЬТЕРНАТИВНАЯ ОТВЕТСТВЕННОСТЬ
Начальный элемент ввода Яхонтова
Часть имени, кроме начального элемента ввода Л. А.
Расширение инициалов личного имени Любовь Аркадьевна
711 02 - НАИМЕНОВАНИЕ ОРГАНИЗАЦИИ - АЛЬТЕРНАТИВНАЯ ОТВЕТСТВЕННОСТЬ
Начальный элемент ввода Волгоградский музей изобразительных искусств им. И. И. Машкова
Системный номер авторитетной/нормативной записи 609588
Идентификатор авторитетной/нормативной записи RU\NLR\AUTH\8810054539
942 ## - ДОПОЛНИТЕЛЬНЫЕ ЭЛЕМЕНТЫ ЗАПИСИ (АБИС)
Тип экземпляра АБИС Книга
980 ## - КОЛЛЕКЦИЯ
Название коллекции Национальная библиография

Нет доступных экземпляров.